000 00618nam a22002057a 4500
005 20010101030705.0
008 010101b xxu||||| |||| 00| 0 eng d
020 _a9789848793923
_c500
040 _aLoreto College
041 _aBengali
082 _a398
_bISL
100 _aIslam, Mazharul
245 _aFolklore parichiti o pothon pathon
_bAn elaborate introduction and scientific study of folklore
_cDr. Mazharul Islam
260 _aDhaka
_bAbosar
_c2012
300 _a432p
_b24 cm
504 _aIncludes bibliographic references
650 _aFolklore
_vHistory and criticism
850 _aLCLIB
942 _cBK
999 _c40044
_d90523